|
|
|
|
| LEADER |
00000nam0a2200000 4500 |
| 001 |
38209 |
| 005 |
20231031005152.0 |
| 035 |
|
|
|a (RuTPU)RU\TPU\book\38892
|
| 090 |
|
|
|a 38209
|
| 100 |
|
|
|a 20020226d1981 km y0rusy50 ca
|
| 101 |
0 |
|
|a rus
|
| 102 |
|
|
|a RU
|
| 105 |
|
|
|a a z 001zy
|
| 200 |
1 |
|
|a Применение инфракрасной техники в народном хозяйстве
|f И. Б. Левитин
|
| 210 |
|
|
|a Ленинград
|c Энергоиздат
|d 1981
|
| 215 |
|
|
|a 264 с.
|c ил
|
| 320 |
|
|
|a Библиогр.: с. 251-262
|
| 610 |
1 |
|
|a инфракрасная техника
|
| 610 |
1 |
|
|a применение
|
| 610 |
1 |
|
|a облучательные устройства
|
| 610 |
1 |
|
|a инфракрасное излучение
|
| 610 |
1 |
|
|a сельское хозяйство
|
| 610 |
1 |
|
|a техника
|
| 610 |
1 |
|
|a спектроскопия
|
| 610 |
1 |
|
|a медицина
|
| 610 |
1 |
|
|a биология
|
| 610 |
1 |
|
|a тепловизоры
|
| 675 |
|
|
|a 621.384.3
|v 3
|
| 700 |
|
1 |
|a Левитин
|b И. Б.
|g Исидор Борисович
|
| 801 |
|
1 |
|a RU
|b 63413507
|c 20020226
|g PSBO
|
| 801 |
|
2 |
|a RU
|b 63413507
|c 20210906
|g PSBO
|
| 942 |
|
|
|c BK
|